| 000 | 00438nam a2200181Ia 4500 | ||
|---|---|---|---|
| 001 | 8293 | ||
| 005 | 20260306160558.0 | ||
| 008 | 260306t2009||||xx |||||||||||||| ||spa|| | ||
| 041 | _aESP | ||
| 082 |
_a370.1523 _bO83 T. 2 |
||
| 100 |
_aOstrovsky, Irene _eAUT |
||
| 245 | 0 |
_aDidáctica grupal: _bestrategias de aprendizaje colaborativo |
|
| 260 | _c2009 | ||
| 300 |
_a _c |
||
| 650 | _aGEN | ||
| 654 | _aCED | ||
| 942 |
_cLIB _dJUS _fJUS _2ddc _n |
||
| 999 |
_c8293 _d8293 |
||